000 01210nam a2200301 a 4500
001 vtls001690927
003 NLI
005 20210628153200.0
008 130322s1981 ii 000 0bmar
020 _cRs. 6.00
039 9 _y201303221656
_zVLOAD
040 _aNLI
_bmareng
_cDatasoft_Marathi
_eAACR2
041 0 _amar
044 _a ii
082 0 4 _a 920
100 1 _6880-01
_aवैद्य, कमल बालकृष्ण
_9693227
245 1 0 _6880-02
_aब्रह्मभूति परमहंस परिव्राजकाचार्य श्री प्रज्ञानानंद सरस्वती /
_cकमल बालकृष्ण वैद्य
260 _aपुणें :
_bसंतकृपा प्रतिष्ठान,
_c1981
300 _a86 p. ;
_c18 cm.
650 0 _aBiography
880 1 0 _6245-02(B
_aBrahmabhūti Paramahansa parivrājakācārya Śrī Prajñānānda Sarasvatī /
_cKamala Bālakṛṣṇa Vaidya
880 1 _6100-01(B
_aVaidya, Kamala Bālakṛṣṇa
887 _a
901 _a25135
_b21.07.1984
902 _aMar 920 V 191
949 _AVIRTUAITEM
_D10000
_X100
_6DBA000025135MAR
942 _2ddc
_cBKS
999 _aVIRTUA40
_c1138024
_d1138024